书目信息 |
| 题名: |
审计学
|
|
| 作者: | 李若山 , 刘大贤 主编 | |
| 分册: | ||
| 出版信息: | 北京 经济科学出版社 2000.08 |
|
| 页数: | [12], 524页 | |
| 开本: | 23cm | |
| 丛书名: | ||
| 单 册: | ||
| 中图分类: | F239.0 | |
| 科图分类: | ||
| 主题词: | 审计学--教材 | |
| 电子资源: | ||
| ISBN: | 7-5058-2208-X | |
| 000 | 01044nam0 2200313 450 | |
| 001 | 192004004517 | |
| 005 | 20070906154340.26 | |
| 010 | @a7-5058-2208-X@dCNY49.80 | |
| 100 | @a20070604d2000 ekmy0chiy0121 ea | |
| 101 | 0 | @achi |
| 102 | @aCN@b110000 | |
| 105 | @aak z 000yy | |
| 200 | 1 | @a审计学@Ashen ji xue@e案例与教学@f李若山, 刘大贤主编 |
| 205 | @a修订版 | |
| 210 | @a北京@c经济科学出版社@d2000.08 | |
| 215 | @a[12], 524页@c图@d23cm | |
| 300 | @a其他题名:案例与教学 | |
| 300 | @a并列题名:Auditing | |
| 300 | @a面向21世纪课程教材 | |
| 312 | @a英文并列题名取自封底 | |
| 330 | @a本书是一本关于审计学的案例与教学的书。全书分为十六章:审计与审计环境,审计人员职业道德,审计人员的法律责任等。本书适用于高等学校的会计专业及注册会计师方向的本科生。 | |
| 510 | 1 | @aAuditing@eCases and Approach@zeng |
| 517 | 1 | @a案例与教学@Aan li yu jiao xue |
| 606 | 0 | @a审计学@j教材 |
| 690 | @aF239.0@v4 | |
| 701 | 0 | @a李若山@Ali ruo shan@4主编 |
| 701 | 0 | @a刘大贤@Aliu da xian@4主编 |
| 801 | 0 | @aCN@c20070906 |
| 905 | @dF239.0@eL246 | |
| 审计学:案例与教学/李若山, 刘大贤主编.-修订版.-北京:经济科学出版社,2000.08 |
| [12], 524页:图;23cm |
| 其他题名:案例与教学.-并列题名:Auditing.-面向21世纪课程教材 |
| ISBN 7-5058-2208-X:CNY49.80 |
| 本书是一本关于审计学的案例与教学的书。全书分为十六章:审计与审计环境,审计人员职业道德,审计人员的法律责任等。本书适用于高等学校的会计专业及注册会计师方向的本科生。 |
| ● |
| 相关链接 |
|
|
|
正题名:审计学
索取号:F239.0/L246
 
预约/预借
| 序号 | 登录号 | 条形码 | 馆藏地/架位号 | 状态 | 备注 |
| 1 | 625789 | 206257897 | 社科库409/409社科库 78排3列2层/ [索取号:F239.0/L246] | 在馆 | |
| 2 | 625790 | 206257904 | 社科库409/409社科库 78排3列2层/ [索取号:F239.0/L246] | 在馆 |